00611nam a2200193Ii 450000100060000000300090000600800410001502000180005604000330007404100080010708200180011510000300013324501080016326400530027130000120032433600260033633700280036233800270039015057CO-ViMGA241108s9999||||xx |||||||||||||| ||und|| a9789588093994 aCO-ViMGAbspaerdacCO-ViMGA0 aspa04a320.53321 R841 aCarlos Alberto Ruiz Socha10aLa rebelión de los límites :bquimeras y porvenir de los derechos y resistencias ante la opresión 1aBogotá, Colombia : Ediciones Desde Abajo, 2008 avolumen atextbtxt2rdacontent aunmediatedbn2rdamedia avolumebnc2rdacarrier